Soil mechanics : (Record no. 546331)

000 -LEADER
fixed length control field 00585cam a2200181 a 4500
020 ## - INTERNATIONAL STANDARD BOOK NUMBER
International Standard Book Number 0419197206
082 00 - DEWEY DECIMAL CLASSIFICATION NUMBER
Classification number 624.15136
Author Mark POW
-- L-39, P-167
100 1# - MAIN ENTRY--PERSONAL NAME
Personal name Powrie, William.
9 (RLIN) 42439
245 10 - TITLE STATEMENT
Title Soil mechanics :
Remainder of title concepts and applications /
Statement of responsibility, etc. William Powrie.
250 ## - EDITION STATEMENT
Edition statement 1st ed.
260 ## - PUBLICATION, DISTRIBUTION, ETC.
Place of publication, distribution, etc. London ;
-- New York :
Name of publisher, distributor, etc. E & FN Spon,
Date of publication, distribution, etc. 1997.
300 ## - PHYSICAL DESCRIPTION
Extent xviii, 420 p. :
Other physical details ill. ;
Dimensions 25 cm.
526 ## - STUDY PROGRAM INFORMATION NOTE
Program name 0
Interest level 0
Reading level 0
Title point value 624_151360000000000_POW
650 #0 - SUBJECT ADDED ENTRY--TOPICAL TERM
Topical term or geographic name entry element MCE
9 (RLIN) 379
650 #0 - SUBJECT ADDED ENTRY--TOPICAL TERM
Topical term or geographic name entry element Soil mechanics.
856 42 - ELECTRONIC LOCATION AND ACCESS
Uniform Resource Identifier <a href="http://www.loc.gov/catdir/enhancements/fy0909/96070577-d.html">http://www.loc.gov/catdir/enhancements/fy0909/96070577-d.html</a>
942 ## - ADDED ENTRY ELEMENTS (KOHA)
Source of classification or shelving scheme
Koha item type Book
Holdings
Withdrawn status Lost status Source of classification or shelving scheme Damaged status Not for loan Permanent Location Current Location Date acquired Total Checkouts Full call number Barcode Date last seen Price effective from Koha item type
          Military College of Engineering (MCE) Military College of Engineering (MCE) 06/09/2014   624.15136 POW MCE-42830 06/09/2014 06/09/2014 Book
© 2023 Central Library, National University of Sciences and Technology. All Rights Reserved.